| 000 | 00455nam a2200193Ia 4500 | ||
|---|---|---|---|
| 005 | 20250603144627.0 | ||
| 008 | 250603s9999 xx 000 0 und d | ||
| 020 | _a9780071792806 | ||
| 050 | _aRG 111 .T69/ | ||
| 100 | _aToy C. Eugene | ||
| 245 | 0 | _aCase files: Obstetrics and gynecology | |
| 250 | _a4th ed. | ||
| 260 | _aNew York | ||
| 260 | _bLange Medical Books | ||
| 260 | _c2013 | ||
| 300 | _a540 p | ||
| 650 | _aNew York | ||
| 942 | _cBK | ||
| 999 |
_c39477 _d39477 |
||